LEADER 01070nam 2200385 450 001 9910826969703321 005 20230814220612.0 010 $a93-5280-408-2 035 $a(CKB)4970000000140009 035 $a(MiAaPQ)EBC5770022 035 $a(Au-PeEL)EBL5770022 035 $a(OCoLC)1101040789 035 $a(EXLCZ)994970000000140009 100 $a20201113d2018 uy 0 101 0 $amar 135 $aurcnu|||||||| 181 $ctxt$2rdacontent 182 $cc$2rdamedia 183 $acr$2rdacarrier 200 10$aSatta Sampadan $eBhartateel Sthiti /$fBidyut Chakrabarty and Sugato Hazra 210 1$aLos Angeles, California :$cSage Publications,$d2018. 215 $a1 online resource (253 pages) 311 $a93-5280-406-6 606 $aMandates 615 0$aMandates. 676 $a341.12 700 $aChakrabarty$b Bidyut$f1958-$0517527 702 $aHazra$b Sugato 801 0$bMiAaPQ 801 1$bMiAaPQ 801 2$bMiAaPQ 906 $aBOOK 912 $a9910826969703321 996 $aSatta Sampadan$94027874 997 $aUNINA LEADER 02123oas 2200733 a 450 001 9910895378403321 005 20260218111551.0 035 $a(DE-599)ZDB2396013-9 035 $a(OCoLC)226370280 035 $a(CONSER) 2008263566 035 $a(CKB)1000000000375791 035 $a(DE-599)2396013-9 035 $a(EXLCZ)991000000000375791 100 $a20080429b20072018 sy 101 0 $aeng 135 $aur||||||||||| 181 $ctxt$2rdacontent 182 $cc$2rdamedia 183 $acr$2rdacarrier 200 04$aThe open plant science journal 210 $a[Hilversum] $c[Bentham Science Publishers]$d[2007]-[2018] 215 $a1 online resource (11 volumes) 300 $aRefereed/Peer-reviewed 311 08$a1874-2947 517 1 $aTOPSJ 606 $aPlants$vPeriodicals 606 $aBotany$vPeriodicals 606 $aPlants$xClassification$xMolecular aspects$vPeriodicals 606 $aBiology$xClassification$xMolecular aspects$vPeriodicals 606 $aBiology$xClassification$xMolecular aspects$2fast$3(OCoLC)fst00832397 606 $aBotany$2fast$3(OCoLC)fst00836869 606 $aPlants$2fast$3(OCoLC)fst01065823 606 $aPlants$xClassification$xMolecular aspects$2fast$3(OCoLC)fst01065840 608 $aPeriodicals.$2fast 608 $aPeriodicals.$2lcgft 615 0$aPlants 615 0$aBotany 615 0$aPlants$xClassification$xMolecular aspects 615 0$aBiology$xClassification$xMolecular aspects 615 7$aBiology$xClassification$xMolecular aspects. 615 7$aBotany. 615 7$aPlants. 615 7$aPlants$xClassification$xMolecular aspects. 801 0$bOCLCS 801 1$bOCLCS 801 2$bOCLCS 801 2$bSNM 801 2$bTXA 801 2$bOCLCQ 801 2$bCUS 801 2$bOCLCQ 801 2$bOCLCF 801 2$bOCLCO 801 2$bOCLCQ 801 2$bGILDS 801 2$bOCLCO 801 2$bVT2 801 2$bOCLCQ 801 2$bCUS 801 2$bOCLCQ 906 $aJOURNAL 912 $a9910895378403321 996 $aThe open plant science journal$94271631 997 $aUNINA